FRAMEWORK FOR MANAGEMENT OF LOCAL CONTENT IN UNIVERSITY LIBRARIES IN KENYA (Record no. 216039)

MARC details
000 -LEADER
fixed length control field 00426nam a22001457a 4500
008 - FIXED-LENGTH DATA ELEMENTS--GENERAL INFORMATION
fixed length control field 250814b |||||||| |||| 00| 0 eng d
100 ## - MAIN ENTRY--PERSONAL NAME
Personal name MAJIODE KUYANDA BONFACE
245 ## - TITLE STATEMENT
Title FRAMEWORK FOR MANAGEMENT OF LOCAL CONTENT IN UNIVERSITY LIBRARIES IN KENYA
260 ## - PUBLICATION, DISTRIBUTION, ETC.
Place of publication, distribution, etc. KISII
Name of publisher, distributor, etc. KISII UNIVERSITY
Date of publication, distribution, etc. 2015
300 ## - PHYSICAL DESCRIPTION
Extent XII,63P.
500 ## - GENERAL NOTE
General note INCLUDES AN INDEX
650 ## - SUBJECT ADDED ENTRY
Topical term or geographic name entry element LIBRARIES
942 ## - ADDED ENTRY ELEMENTS (KOHA)
Source of classification or shelving scheme Library of Congress Classification
Koha item type Reference
Holdings
Withdrawn status Lost status Source of classification or shelving scheme Damaged status Not for loan Collection Home library Current library Shelving location Date acquired Inventory number Total checkouts Full call number Barcode Date last seen Copy number Price effective from Koha item type
    Library of Congress Classification     Science & Technology Kisii University Library Kisii University Library On Display 08/14/2025 108052   RES Z 674 .M35 2015 000000024354 08/14/2025 1 08/14/2025 Reference